000 01478cam a2200325 i 4500
003 SA-RiAUC
005 20241231151626.0
008 241231s2010____le g b 000 0 ara c
020 _a9789953533377
040 _aSA-RiDKA
_bara
_cSA-RiAUC
_erda
043 _aa-su---
082 0 4 _a953.1
_qSA-RiAUC
090 _a953.1
_bخ ض ر
100 1 _aالخضر، عبد العزيز
_eمؤلف.
245 1 0 _aالسعودية سيرة دولة ومجتمع :
_bقراءة في تجربة ثلث قرن من التحولات الفكرية والسياسية والتنموية /
_cعبد العزيز الخضر.
246 3 _aالسعودية سيرة دولة ومجتمع :
_bقراءة في تجربة 1 / 3 قرن من التحولات الفكرية والسياسية والتنموية
250 _aالطبعة الأولى.
264 1 _aبيروت :
_bالشبكة العربية للأبحاث والنشر،
_c2010
300 _a864 صفحة ؛
_c25 سم
336 _aنص
_btxt
_2rdacontent
_3كتاب
337 _aبدون وسيط
_bn
_2rdamedia
338 _aمجلد
_bnc
_2rdacarrier
504 _aببليوجرافية : صفحة 857-868.
651 7 _aالسعودية
_xتاريخ
_2aucsh
651 7 _aالسعودية
_xسياسة وحكومة
_2aucsh
651 7 _aالسعودية
_xسياسة اقتصادية
_2aucsh
651 7 _aالسعودية
_xحياة فكرية
_2aucsh
942 _2ddc
_cBOOK
_n0
949 _aSA-JeALM
_d241231
_uosman123
_n1
999 _c4203
_d4203